00948nam a2200241Ia 4500001000600000003000900006008004100015040001300056040001300069041001200082100001800094100002900112245007300141245003300214250001100247260001100258260002600269260004900295300005700344500023500401650003900636650003100675F0278IT-RoPAU130308s9999 xx 000 0 und d aIT-RoPAU cIT-RoPAU aINGLESE aMcquail Denis gCodice Aut. SPICS: 3933 aPolicy Help Wanted: Willing and Able Media Culturalists Please Apply bCultural Studies in Question a1a ed. aLONDON bSage Publications Ltd c1997 [1° Ed.:1997 - Ed.Ling.Originale:1997] a"17 p. (prefazione: no ; testo: 17 [pagine: 39-55])" aCercasi Aiuto della Politica: Studiosi dei Media Capaci e Disponibili Applicatevi. Cultura dei Media e Teoria Culturale. Problemi della Politica Culturale dei Media. Limiti del Culturalismo Contemporaneo e Povertà del Populismo. aTEORIA DELLA COMUNICAZIONE SOCIALE eCodice materia Spics: 3802